Clic Création des Grandes Ecoles en France - Statistiques

Statistiques générales
  • Ce quiz a été pris 16 fois
  • Le résultat moyen est 2 sur 47
Statistiques - réponses
Hint Explanation Réponse % Correct
Ecole de santé des armées A succédé à plusieurs écoles dont la 1ère a été créée à Rochefort au XVIIIe 1722
30%
Ecole du Louvre 1882
20%
FEMIS École nationale supérieure des métiers de l'image et du son 1986
20%
Ponts ParisTech Ex Ecole royale des ponts et chaussées 1747
10%
Mines ParisTech Ex Ecole des Mines 1783
10%
Ecole Normale Supérieure 1794
10%
Ecole Polytechnique Ex Ecole centrale des Travaux publics 1794
10%
Mines-Saint-Etienne Ex Ecole Nationale Supérieure des Mines de Saint-Etienne 1816
10%
Beaux-arts de Paris Ex Académie royale de peinture et de sculpture - École nationale supérieure des beaux-arts 1817
10%
Ecole Nationale des Chartes 1821
10%
Agro ParisTech Ex Institution royale agronomique de Grignon 1826
10%
Ecole Centrale de Lille Ex Ecole des Arts Industriels et des Mines 1854
10%
Institut d'Etudes Politiques de Paris Ex Ecole libre des Sciences politiques 1871
10%
HEC Paris Ex Ecole des Hautes Etudes Commerciales 1881
10%
Ecole de l'Air 1933
10%
Ecole Nationale d'Administration 1945
10%
Ecole Nationale de la Magistrature 1958
10%
INALCO * Institut national des langues et civilisations orientales Ex Ecole des jeunes langues puis Ecole spéciale des langues orientales 1669
0%
ENSTA ParisTech * Ecole Nationale Supérieure des Techniques Avancées Ex Ecole des ingénieurs-constructeurs de vaisseaux royaux 1741
0%
Ecole Nationale Vétérinaire de Lyon Ex Ecole royale vétérinaire 1761
0%
Ecole Nationale Vétérinaire d'Alfort Ex Ecole royale vétérinaire d'Alfort 1765
0%
Arts déco Ex Ecole des arts décoratifs puis École nationale supérieure des arts décoratifs de Paris 1766
0%
Arts et Métiers ParisTech Ex Ecole des pupille du régiment de dragons du duc de La Rochefoucauld-Liancourt puis Ecole des enfants de l'armée puis Ecole des Arts et Métiers 1780
0%
Conservatoire National des Arts et Métiers 1794
0%
Ecole Spéciale Militaire 1802
0%
Ecole Supérieure de Commerce de Paris 1819
0%
Ecole des Eaux et Forêts 1824
0%
Ecole Centrale Paris Ex Ecole centrale des arts et manufactures 1829
0%
Ecole Navale 1830
0%
EMT Mines Alès 1848
0%
Ecole Centrale de Lyon Ex Ecole centrale lyonnaise pour l'industrie et le commerce 1857
0%
Ecole Spéciale d'Architecture 1865
0%
Ecole Pratique des Hautes Etudes 1868
0%
Télécom ParisTech Ex Ecole supérieure de télégraphie puis des Postes & Télégraphes puis des Télécommunications 1878
0%
ESPCI *École supérieure de physique et de chimie industrielles de la ville de Paris 1882
0%
ESTP * École spéciale des travaux publics, du bâtiment et de l'industrie Ex Ecole des Travaux Publics 1891
0%
Supélec Ex Ecole Supérieure d'électricité 1894
0%
Chimie ParisTech Ecole Nationale Supérieure de Chimie 1896
0%
Institut National du Patrimoine Ex Ecole du Patrimoine 1900
0%
SUPAERO * Institut supérieur de l'aéronautique et de l'espace Ex Ecole Nationale Supérieure de l'Aéronautique 1909
0%
SupOptique Institut d'Optique Théorique et Appliquée 1917
0%
Ecole des Officiers de la Gendarmerie 1918
0%
Ecole Nationale Supérieure de la Police 1941
0%
ENSAE ParisTech École nationale de la statistique et de l'administration économique 1942
0%
CFJ * Centre de formation des Journalistes 1946
0%
EHESS * École des hautes études en sciences sociales 1947
0%
ENAC * Ecole Nationale de l'Aviation Civile 1949
0%
Aucun quiz correspondant
Distribution des résultats
% des personnes avec chaque résultat
Percentile par nombre de réponses
Votre historique - résultats
Vous n’avez pas pris ce quiz